书目信息 |
| 题名: |
流体力学
|
|
| 作者: | 朗道 , 栗弗席茨茨 著 ;孔祥言 , 徐燕侯 , 庄礼贤 译 | |
| 分册: | 上册 | |
| 出版信息: | 北京 高等教育出版社 1983.4 |
|
| 页数: | 306页 | |
| 开本: | 20cm | |
| 丛书名: | ||
| 单 册: | ||
| 中图分类: | O35 | |
| 科图分类: | ||
| 主题词: | 流体力学 | |
| 电子资源: | ||
| ISBN: | ||
| 000 | 00746nam0 2200253 45 | |
| 001 | 0405181184 | |
| 005 | 20040518110522.1 | |
| 010 | @dCNY1.50 | |
| 091 | @a13010.0881 | |
| 100 | @a20040518d1983 km y0chiy0120 ea | |
| 101 | 0 | @achi@crus |
| 105 | @a z 000yy | |
| 200 | 1 | @a流体力学@h上册@ALiu Ti Li Xue@f(苏)朗道,栗弗席茨茨著@F(Su)Lang Dao,Li Fu Xi Ci Ci Zhu@g孔祥言,徐燕侯,庄礼贤译 |
| 210 | @a北京@c高等教育出版社@d1983.4 | |
| 215 | @a306页@d20cm@c插图 | |
| 606 | 0 | @a流体力学 |
| 690 | @aO35@v3 | |
| 701 | 0 | @a朗道@4著 |
| 701 | 0 | @a栗弗席茨茨@4著 |
| 702 | 0 | @a孔祥言@AKong Xiang Yan@4译 |
| 702 | 0 | @a徐燕侯@AXu Yan Hou@4译 |
| 702 | 0 | @a庄礼贤@AZhuang Li Xian@4译 |
| 801 | @aCN@bPftUser@c20040518 | |
| 905 | @f1@b120241@dO35@e15:1 | |
| 流体力学.上册/(苏)朗道,栗弗席茨茨著/孔祥言,徐燕侯,庄礼贤译.-北京:高等教育出版社,1983.4 |
| 306页;20cm:插图 |
| ISBN :CNY1.50 |
| ● |
| 相关链接 |
|
|
|
|
正题名:流体力学
索取号:O35/15:1
 
预约/预借
| 序号 | 登录号 | 条形码 | 馆藏地/架位号 | 状态 | 备注 |
| 1 | 0120241 | 000386139 | 第三借阅区/ [索取号:O35/15:1] | 在馆 | |
| 2 | 0120242 | 000386120 | 第二样本阅览室/ [索取号:O35/15:1] | 在馆 |